|
|
|
|
| LEADER |
01800nam a2200481 a 4500 |
| 001 |
nkc20091867762 |
| 003 |
CZ PrNK |
| 005 |
20090713093824.0 |
| 007 |
ta |
| 008 |
090413s2009 xr e f 000 0 cze |
| 015 |
|
|
|a cnb001867762
|
| 020 |
|
|
|a 978-80-7263-519-1
|q (brož.)
|
| 035 |
|
|
|a (OCoLC)428366569
|
| 040 |
|
|
|a OLA001
|b cze
|
| 041 |
1 |
|
|a cze
|h eng
|
| 072 |
|
7 |
|a 159.92
|x Vývojová psychologie. Individuální psychologie
|2 Konspekt
|9 17
|
| 080 |
|
|
|a 165.242.1
|2 MRF
|
| 080 |
|
|
|a 159.923.5
|2 MRF
|
| 080 |
|
|
|a 13
|2 MRF
|
| 080 |
|
|
|a (035)
|2 MRF
|
| 100 |
1 |
|
|a Linn, Denise
|7 xx0020746
|4 aut
|
| 245 |
1 |
0 |
|a Čtyři kroky k osobní síle :
|b jak léčit svou minulost a vytvářet pozitivní budoucnost /
|c Denise Linn ; [z originálu ... přeložila Růžena Pokorná]
|
| 260 |
|
|
|a Olomouc :
|b ANAG,
|c c2009
|
| 300 |
|
|
|a 211 s. ;
|c 22 cm
|
| 500 |
|
|
|a Přeloženo z angličtiny
|
| 504 |
|
|
|a Obsahuje bibliografii a bibliografické odkazy
|
| 650 |
0 |
7 |
|a sebepoznání
|7 ph116116
|2 czenas
|
| 650 |
0 |
7 |
|a sebezdokonalování
|7 ph116118
|2 czenas
|
| 650 |
0 |
7 |
|a duchovní život
|7 ph114375
|2 czenas
|
| 650 |
0 |
7 |
|a rozvoj osobnosti
|7 ph194683
|2 czenas
|
| 650 |
0 |
9 |
|a self-consciousness
|2 eczenas
|
| 650 |
0 |
9 |
|a self-actualization
|2 eczenas
|
| 650 |
0 |
9 |
|a spiritual life
|2 eczenas
|
| 650 |
0 |
9 |
|a personality development
|2 eczenas
|
| 655 |
|
7 |
|a příručky
|7 fd133209
|2 czenas
|
| 655 |
|
9 |
|a handbooks and manuals
|2 eczenas
|
| 765 |
0 |
|
|t Four acts of personal power
|9 Česky
|
| 856 |
4 |
1 |
|u http://www.digitalniknihovna.cz/mzk/uuid/uuid:056c9b20-a52a-11e3-b833-005056827e52
|y Digitalizovaný dokument
|x NDK
|
| 910 |
2 |
|
|a BOA001
|b 2-1223.098
|
| 990 |
|
|
|a BK
|
| 995 |
|
|
|a 01
|
| 991 |
|
|
|b 200905
|c NOV
|
| 996 |
6 |
|
|b 2610375503
|c 2-1223.098
|l MZK
|r Sklad / do 1 hodiny
|n 7
|p p.v.
|w 000936641
|u 000010
|a 1
|e BOA001
|j MZK50
|s P
|